Statistics for Cities in the United Kingdom (UK)

Click here to take the quiz!

General Stats

  • This quiz has been taken 52,970 times
    (52,955 since last reset)
  • The average score is 30 of 69

Answer Stats

Country City % Correct
EnglandCity of London
98%
EnglandManchester
93%
ScotlandEdinburgh
91%
ScotlandGlasgow
89%
EnglandLiverpool
89%
WalesCardiff
87%
Northern IrelandBelfast
84%
EnglandBirmingham
83%
EnglandLeeds
75%
EnglandNewcastle upon Tyne
74%
ScotlandAberdeen
73%
EnglandOxford
70%
EnglandYork
69%
EnglandBristol
68%
EnglandCambridge
67%
WalesSwansea
65%
EnglandBrighton & Hove
60%
EnglandSouthampton
60%
EnglandNottingham
59%
EnglandSheffield
58%
EnglandLeicester
57%
EnglandNorwich
55%
EnglandPortsmouth
54%
EnglandPlymouth
54%
ScotlandInverness
53%
Northern IrelandLondonderry
52%
EnglandBath
50%
EnglandKingston upon Hull
49%
ScotlandDundee
49%
EnglandExeter
44%
EnglandDerby
42%
EnglandChester
41%
EnglandSunderland
40%
EnglandCoventry
39%
EnglandBradford
37%
EnglandStoke-on-Trent
36%
EnglandDurham
35%
EnglandWolverhampton
35%
EnglandLincoln
35%
EnglandCanterbury
34%
EnglandGloucester
33%
EnglandCarlisle
32%
WalesNewport
30%
EnglandLancaster
30%
ScotlandPerth
30%
EnglandWorcester
29%
EnglandPreston
26%
WalesBangor
25%
ScotlandStirling
25%
EnglandWinchester
24%
EnglandPeterborough
24%
EnglandTruro
23%
WalesSt David's and the
Cathedral Close
22%
EnglandHereford
22%
EnglandWestminster
22%
EnglandSalisbury
21%
EnglandEly
19%
EnglandChelmsford
17%
Northern IrelandArmagh
17%
EnglandChichester
17%
EnglandSalford
17%
EnglandSt Albans
15%
Northern IrelandLisburn
14%
EnglandWells
14%
Northern IrelandNewry
14%
EnglandWakefield
14%
EnglandRipon
13%
WalesSt Asaph
12%
EnglandLichfield
12%

Score Distribution

Percentile by Number Answered

Percent of People with Each Score

Your Score History

You have not taken this quiz since the last reset